<?xml version="1.0" encoding="UTF-8"?><?xml-stylesheet type="text/xsl" href="static/style.xsl"?><OAI-PMH xmlns="http://www.openarchives.org/OAI/2.0/" xmlns:xsi="http://www.w3.org/2001/XMLSchema-instance" xsi:schemaLocation="http://www.openarchives.org/OAI/2.0/ http://www.openarchives.org/OAI/2.0/OAI-PMH.xsd"><responseDate>2026-06-02T04:53:00Z</responseDate><request verb="GetRecord" identifier="oai:riuma.uma.es:10630/41012" metadataPrefix="marc">https://riuma.uma.es/rest/oai/request</request><GetRecord><record><header><identifier>oai:riuma.uma.es:10630/41012</identifier><datestamp>2026-02-03T11:35:13Z</datestamp><setSpec>com_10630_2254</setSpec><setSpec>col_10630_37953</setSpec></header><metadata><record xmlns="http://www.loc.gov/MARC21/slim" xmlns:dcterms="http://purl.org/dc/terms/" xmlns:doc="http://www.lyncode.com/xoai" xmlns:xsi="http://www.w3.org/2001/XMLSchema-instance" xsi:schemaLocation="http://www.loc.gov/MARC21/slim http://www.loc.gov/standards/marcxml/schema/MARC21slim.xsd">
   <leader>00925njm 22002777a 4500</leader>
   <datafield ind2=" " ind1=" " tag="042">
      <subfield code="a">dc</subfield>
   </datafield>
   <datafield ind2=" " ind1=" " tag="720">
      <subfield code="a">Fortes, Isabel M</subfield>
      <subfield code="e">author</subfield>
   </datafield>
   <datafield ind2=" " ind1=" " tag="720">
      <subfield code="a">Díaz-Martínez, Luis</subfield>
      <subfield code="e">author</subfield>
   </datafield>
   <datafield ind2=" " ind1=" " tag="720">
      <subfield code="a">Moriones, Enrique</subfield>
      <subfield code="e">author</subfield>
   </datafield>
   <datafield ind2=" " ind1=" " tag="720">
      <subfield code="a">Grande-Pérez, Ana</subfield>
      <subfield code="e">author</subfield>
   </datafield>
   <datafield ind2=" " ind1=" " tag="260">
      <subfield code="c">2025</subfield>
   </datafield>
   <datafield ind2=" " ind1=" " tag="520">
      <subfield code="a">Tomato yellow leaf curl virus (TYLCV), tomato leaf curl New Delhi virus (ToLCNDV) y tomato chlorosis virus (ToCV) son patógenos emergentes que afectan gravemente al tomate. TYLCV y ToLCNDV son begomovirus de ADN monocatenario, mientras que ToCV es un crinivirus de ARN. Estos virus comparten áreas de distribución, vector (Bemisia tabaci) y hospedadores, favoreciendo infecciones mixtas. Este estudio analizó las interacciones TYLCV–ToLCNDV y ToLCNDV–ToCV en infecciones mixtas de genotipos de tomate susceptibles y resistentes a TYLCV. Se evaluaron infección, desarrollo de la enfermedad, trans-replicación y posibles intercambios genéticos. No se detectaron interacciones sinérgicas o antagónicas, ni complementación entre virus. La resistencia a TYLCV se mantuvo estable. El componente DNA-B de ToLCNDV mostró funcionalidad reducida y no fue complementado por TYLCV. Tampoco se observó que ToCV fortaleciera la infección por ToLCNDV. Sin embargo, secuenciación de alta resolución reveló moléculas de ADN defectivo con señales de intercambio genético. Estos resultados indican que las infecciones mixtas no aumentan la patogenicidad, pero sugieren consecuencias ecológicas y evolutivas derivadas del intercambio genético.</subfield>
   </datafield>
   <datafield ind2=" " ind1=" " tag="520">
      <subfield code="a">Tomato yellow leaf curl virus (TYLCV), tomato leaf curl New Delhi virus (ToLCNDV), and tomato chlorosis virus (ToCV) are emerging pathogens that severely impact tomato crops. TYLCV and ToLCNDV are single-stranded DNA begomoviruses, whereas ToCV is an RNA crinivirus. Their overlapping ranges, shared vector (Bemisia tabaci), and hosts promote mixed infections. This study examined TYLCV–ToLCNDV and ToLCNDV–ToCV interactions in mixed infections of susceptible and TYLCV-resistant tomato genotypes. We assessed infection, disease progression, trans-replication, and genetic exchange. No synergistic or antagonistic interactions or viral complementation were observed, and TYLCV resistance remained stable. The ToLCNDV DNA-B component was impaired and not complemented by TYLCV, and ToCV did not enhance ToLCNDV infection. High-throughput sequencing revealed defective DNA molecules showing genetic exchange. Overall, mixed infections do not increase pathogenicity but highlight ecological and evolutionary implications of genetic exchange.</subfield>
   </datafield>
   <datafield ind1="8" ind2=" " tag="024">
      <subfield code="a">Agronomy 2025, 15, 1006</subfield>
   </datafield>
   <datafield ind1="8" ind2=" " tag="024">
      <subfield code="a">https://hdl.handle.net/10630/41012</subfield>
   </datafield>
   <datafield ind1="8" ind2=" " tag="024">
      <subfield code="a">10.3390/agronomy15051006</subfield>
   </datafield>
   <datafield tag="653" ind2=" " ind1=" ">
      <subfield code="a">Tomates - Enfermedades y plagas</subfield>
   </datafield>
   <datafield tag="653" ind2=" " ind1=" ">
      <subfield code="a">Virus fitopatógenos</subfield>
   </datafield>
   <datafield tag="653" ind2=" " ind1=" ">
      <subfield code="a">Tomates - Variedades</subfield>
   </datafield>
   <datafield ind2="0" ind1="0" tag="245">
      <subfield code="a">Virus–Host Interactions and Genetic Exchange in Mixed Infections of Tomato Yellow Leaf Curl Virus (TYLCV), Tomato Leaf Curl New Delhi Virus (ToLCNDV), and Tomato Chlorosis Virus (ToCV)</subfield>
   </datafield>
</record>
</metadata></record></GetRecord></OAI-PMH>